000 00624nam a2200217Ia 4500
003 OSt
005 20220925235833.0
006 a|||||r|||| 00| 0
007 ta
008 220923b |||||||| |||| 00| 0 eng d
037 _cGeneral Book
040 _aRTL
_cRTL
_beng
041 _2eng
_aeng
082 _aX64.2.P, P4
100 _aTURAN M.S
_9301769
245 0 _aEmerging trends in International Business and Financial services
260 _a New Delhi
_bEXCEL BOOK
_c2005
700 _a KUNDU S.C
_9301770
942 _hX64.2.P, P4
_cGB
_2CC
999 _c597996
_d597996